Loading...

BHAGAVADGITA

Bibliographic Details
Format: Printed Book
Published: BOMBAY VAIBHAV PRESS
Subjects:
LEADER 00362nam a2200169 4500
020
082
100
245 |a BHAGAVADGITA  |h SANSKRIT 
250
260 |a BOMBAY  |b VAIBHAV PRESS 
300 |f HB 
650 |a BHAGAVADGITA 
700
942 |c BK 
999 |c 159223  |d 159223 
952 |0 0  |1 0  |4 0  |7 0  |9 172680  |a ORI  |b ORI  |l 0  |p ORIS1039  |r 2019-10-25  |w 2019-10-25  |y BK